Premier League Top 10 Scorers 2013-14 Quiz Stats

Quiz not verified by Sporcle

Challenge
Share
Tweet
Embed
Score 0/11 Timer 02:00
0 Plays Today
Team Player % Correct
LiverpoolLuis Suarez
99.2%
Manchester CitySergio Aguero
97.7%
LiverpoolDaniel Sturridge
96.9%
Manchester UnitedRobin Van Persie
95.3%
Manchester CityYaya Toure
91.4%
ArsenalOlivier Giroud
90.6%
Manchester UnitedWayne Rooney
89.8%
ArsenalAaron Ramsey
86.7%
EvertonRomelu Lukaku
85.9%
Manchester CityAlvaro Negredo
74.2%
Newcastle UnitedLoic Remy
70.3%

You're not logged in!

Compare scores with friends on all Sporcle quizzes.
Sign Up with Email
OR
Log In

You Might Also Like...

Show Comments

Extras

Top Quizzes Today


Score Distribution

Your Account Isn't Verified!

In order to create a playlist on Sporcle, you need to verify the email address you used during registration. Go to your Sporcle Settings to finish the process.

Report this User

Report this user for behavior that violates our Community Guidelines.

Details: